Pays ou il y a le plus de Belges - Statistiques

Statistiques générales
  • Ce quiz a été pris 510 fois
  • Le résultat moyen est 9 sur 11
Statistiques - réponses
Nombre Pays % Correct
133 066 France
100%
10 839 905 Belgique
95%
Entre 20 000et 50 000 Allemagne
93%
117 495 Pays-Bas
92%
52 000 Espagne
85%
352 630 Etats-Unis
83%
31 000 Royaume-Uni
83%
17 000 Suisse
81%
22 000 Luxembourg
80%
46 000 Italie
78%
176 615 Canada
70%
Aucun quiz correspondant
Distribution des résultats
% des personnes avec chaque résultat
Percentile par nombre de réponses
Votre historique - résultats
Vous n’avez pas pris ce quiz